Maantiedettä kirjaimittain - I - Statistics

Yleistilastot
  • Tätä visaa on pelattu 1 525 kertaa
  • Keskiarvotulos 13 / 20
Vastaustilastot
Vihje Vastaus % Oikein
Muun muassa Puolaan ja Suomeen rajautuva meri {Itä}meri
100%
Saappaanmuotoinen valtio Italia
99%
Juutalaisenemmistöinen valtio Israel
91%
Maailman toiseksi seuratuin uskonto Islam
90%
Jakarta on tämän valtion pääkaupunki Indonesia
85%
Tunnettu aiemmin nimellä Konstantinopoli Istanbul
83%
Tunnetaan paikallisella kielellä nimellä Éire Irlanti
82%
Kuwaitin vuonna 1990 miehittänyt valtio Irak
80%
Chicago sijaitsee tässä Yhdysvaltain osavaltiossa Illinois
79%
Valtio ja suuri niemimaa Intia
77%
Euroopan suurin saari Iso-Britannia
69%
Yllä oleva kaupunki sijaitsee tässä valtiossa Itävalta
65%
Yksi Espanjalle kuuluvista Baleaarien saarista Ibiza
55%
Talviolympialaiset kaksi kertaa järjestänyt kaupunki Innsbruck
50%
Tunnettu hiekkaranta Rio de Janeirossa Ipanema
35%
Merkittävä joki Intiassa ja Pakistanissa Indus
31%
Aiemmin nimellä Smyrna tunnettu kaupunki Turkissa İzmir
31%
Siperiassa sijaitseva Venäjän hallintoalue, joka esiintyy Risk-lautapelissä Irkutsk
28%
Toisen maailmansodan taistelusta tunnettu pieni tuliperäinen Japanille kuuluva saari Iwo Jima
27%
Suuret vesiputoukset Brasilian ja Argentiinan rajalla {Iguassun} putoukset
18%
Ehtoja vastaavia visoja ei löytynyt
Tulosjakauma
Jokaisen tuloksen saaneiden osuus
Persentiili vastausten määrän mukaan
Tuloshistoriasi
Et ole pelannut tätä visaa